| 000 | 00878nmc a2200337 a 4500 | ||
|---|---|---|---|
| 003 | AR-BaBNM | ||
| 005 | 20251128204848.0 | ||
| 008 | 166019s1986 ||||||||||||||000 | spa|| | ||
| 020 | _a968-16-2121-2 | ||
| 040 | _cAR-BaBNM | ||
| 100 | 1 | _aMay, Derwent | |
| 245 | 1 | 0 | _aProust |
| 250 | _a1ª ed. | ||
| 260 |
_aMéxico, D.F. _bFondo de Cultura Económica _c1986 |
||
| 300 | 0 | _a136 p. | |
| 490 | 0 |
_aBreviarios _vv. 412 |
|
| 500 | 0 | _aContiene: índice general | |
| 500 | 0 | _aNota sobre las referencias | |
| 600 | 1 | 4 |
_aProust, Marcel _d1871-1922 |
| 650 | 4 | _aBIOGRAFIAS | |
| 650 | 4 | _aCRITICA LITERARIA | |
| 650 | 4 | _aINVESTIGACION LITERARIA | |
| 650 | 4 | _aOBRAS LITERARIAS | |
| 650 | 4 | _aVIDA LITERARIA | |
| 650 | 4 | _aHISTORIAS DE AMOR | |
| 650 | 4 | _aPSICOANALISIS | |
| 655 | _aLITERATURA | ||
| 700 | 1 |
_aFerreiro, Jorge _etraductor |
|
| 942 | _cBK | ||
| 998 | _cisola | ||
| 999 |
_c9092 _d9092 |
||